<?xml version="1.0" encoding="UTF-8"?>
<record
    xmlns:xsi="http://www.w3.org/2001/XMLSchema-instance"
    xsi:schemaLocation="http://www.loc.gov/MARC21/slim http://www.loc.gov/standards/marcxml/schema/MARC21slim.xsd"
    xmlns="http://www.loc.gov/MARC21/slim">

  <leader>01467nam a22002417a 4500</leader>
  <datafield tag="999" ind1=" " ind2=" ">
    <subfield code="c">58614</subfield>
    <subfield code="d">58614</subfield>
  </datafield>
  <controlfield tag="003">Ge_BSU</controlfield>
  <controlfield tag="005">20220615111317.0</controlfield>
  <controlfield tag="008">220615s2001    ge ||||| |||| 00| 0 geo d</controlfield>
  <datafield tag="020" ind1=" " ind2=" ">
    <subfield code="a">9789941836848</subfield>
  </datafield>
  <datafield tag="041" ind1=" " ind2=" ">
    <subfield code="a">geo</subfield>
  </datafield>
  <datafield tag="080" ind1=" " ind2=" ">
    <subfield code="a">330(060.55) &#x10DE;-54</subfield>
  </datafield>
  <datafield tag="100" ind1=" " ind2=" ">
    <subfield code="a">&#x10DE;&#x10DD;&#x10DA;&#x10D0;&#x10DC;&#x10D8;, &#x10D9;&#x10D0;&#x10E0;&#x10DA;</subfield>
    <subfield code="9">14088</subfield>
  </datafield>
  <datafield tag="245" ind1=" " ind2=" ">
    <subfield code="a">&#x10D3;&#x10D8;&#x10D3;&#x10D8; &#x10E2;&#x10E0;&#x10D0;&#x10DC;&#x10E1;&#x10E4;&#x10DD;&#x10E0;&#x10DB;&#x10D0;&#x10EA;&#x10D8;&#x10D0; :</subfield>
    <subfield code="b">&#x10E9;&#x10D5;&#x10D4;&#x10DC;&#x10D8; &#x10D3;&#x10E0;&#x10DD;&#x10D8;&#x10E1; &#x10DE;&#x10DD;&#x10DA;&#x10D8;&#x10E2;&#x10D8;&#x10D9;&#x10E3;&#x10E0;&#x10D8; &#x10D3;&#x10D0; &#x10D4;&#x10D9;&#x10DD;&#x10DC;&#x10DD;&#x10DB;&#x10D8;&#x10D9;&#x10E3;&#x10E0;&#x10D8; &#x10E1;&#x10D0;&#x10EC;&#x10E7;&#x10D8;&#x10E1;&#x10D4;&#x10D1;&#x10D8; /</subfield>
    <subfield code="c">&#x10D9;&#x10D0;&#x10E0;&#x10DA; &#x10DE;&#x10DD;&#x10DA;&#x10D0;&#x10DC;&#x10D8;; &#x10DB;&#x10D7;&#x10D0;&#x10E0;&#x10D2;&#x10DB;&#x10DC;. &#x10DC;&#x10D8;&#x10DC;&#x10DD; &#x10EE;&#x10D4;&#x10DA;&#x10D0;&#x10D8;&#x10D0;, &#x10DA;&#x10D0;&#x10E8;&#x10D0; &#x10E5;&#x10D0;&#x10D5;&#x10D7;&#x10D0;&#x10E0;&#x10D0;&#x10EB;&#x10D4; &#x10D3;&#x10D0; &#x10E1;&#x10EE;&#x10D5;.; &#x10E0;&#x10D4;&#x10D3;&#x10D0;&#x10E5;&#x10E2;&#x10DD;&#x10E0;&#x10D8; &#x10DC;&#x10D8;&#x10DC;&#x10DD; &#x10EE;&#x10D4;&#x10DA;&#x10D0;&#x10D8;&#x10D0;; </subfield>
  </datafield>
  <datafield tag="264" ind1=" " ind2=" ">
    <subfield code="a">&#x10D7;&#x10D1;&#x10D8;&#x10DA;&#x10D8;&#x10E1;&#x10D8;:</subfield>
    <subfield code="c">&#x10DE;&#x10DA;&#x10D0;&#x10E2;&#x10E4;&#x10DD;&#x10E0;&#x10DB;&#x10D0;,</subfield>
    <subfield code="b">2001.</subfield>
  </datafield>
  <datafield tag="300" ind1=" " ind2=" ">
    <subfield code="a">516 &#x10D2;&#x10D5;.</subfield>
    <subfield code="b">21 &#x10E1;&#x10DB;.</subfield>
  </datafield>
  <datafield tag="500" ind1=" " ind2=" ">
    <subfield code="a">&#x10DE;&#x10E3;&#x10D1;&#x10DA;&#x10D8;&#x10D9;&#x10D0;&#x10EA;&#x10D8;&#x10D0; &#x10D3;&#x10D0;&#x10D8;&#x10D1;&#x10D4;&#x10ED;&#x10D3;&#x10D0; &#x10E4;&#x10E0;&#x10D8;&#x10D3;&#x10E0;&#x10D8;&#x10EE; &#x10D4;&#x10D1;&#x10D4;&#x10E0;&#x10E2;&#x10D8;&#x10E1; &#x10E4;&#x10DD;&#x10DC;&#x10D3;&#x10D8;&#x10E1; &#x10D8;&#x10DC;&#x10D8;&#x10EA;&#x10D8;&#x10D0;&#x10E2;&#x10D8;&#x10D5;&#x10D8;&#x10D7;</subfield>
  </datafield>
  <datafield tag="653" ind1=" " ind2=" ">
    <subfield code="a">&#x10D4;&#x10D9;&#x10DD;&#x10DC;&#x10DD;&#x10DB;&#x10D8;&#x10D9;&#x10E3;&#x10E0;&#x10D8; &#x10E1;&#x10D0;&#x10EC;&#x10E7;&#x10D8;&#x10E1;&#x10D4;&#x10D1;&#x10D8;</subfield>
  </datafield>
  <datafield tag="653" ind1=" " ind2=" ">
    <subfield code="a">&#x10DE;&#x10DD;&#x10DA;&#x10D8;&#x10E2;&#x10D8;&#x10D9;&#x10E3;&#x10E0;&#x10D8; &#x10E1;&#x10D0;&#x10EC;&#x10E7;&#x10D8;&#x10E1;&#x10D4;&#x10D1;&#x10D8;</subfield>
  </datafield>
  <datafield tag="700" ind1=" " ind2=" ">
    <subfield code="a">&#x10EE;&#x10D4;&#x10DA;&#x10D0;&#x10D8;&#x10D0;,  &#x10DC;&#x10D8;&#x10DC;&#x10DD;</subfield>
    <subfield code="e">&#x10DB;&#x10D7;&#x10D0;&#x10E0;&#x10D2;&#x10DB;&#x10DC;&#x10D4;&#x10DA;&#x10D8;</subfield>
    <subfield code="9">14089</subfield>
  </datafield>
  <datafield tag="700" ind1=" " ind2=" ">
    <subfield code="a">&#x10E5;&#x10D0;&#x10D5;&#x10D7;&#x10D0;&#x10E0;&#x10D0;&#x10EB;&#x10D4;, &#x10DA;&#x10D0;&#x10E8;&#x10D0; &#x10D3;&#x10D0; &#x10E1;&#x10EE;&#x10D5;.</subfield>
    <subfield code="e">&#x10DB;&#x10D7;&#x10D0;&#x10E0;&#x10D2;&#x10DB;&#x10DC;&#x10D4;&#x10DA;&#x10D8;</subfield>
    <subfield code="9">14090</subfield>
  </datafield>
  <datafield tag="700" ind1=" " ind2=" ">
    <subfield code="a">&#x10EE;&#x10D4;&#x10DA;&#x10D0;&#x10D8;&#x10D0;,  &#x10DC;&#x10D8;&#x10DC;&#x10DD;</subfield>
    <subfield code="e">&#x10E0;&#x10D4;&#x10D3;&#x10D0;&#x10E5;&#x10E2;&#x10DD;&#x10E0;&#x10D8;</subfield>
    <subfield code="9">14089</subfield>
  </datafield>
  <datafield tag="942" ind1=" " ind2=" ">
    <subfield code="2">udc</subfield>
    <subfield code="c">BK</subfield>
  </datafield>
  <datafield tag="952" ind1=" " ind2=" ">
    <subfield code="0">0</subfield>
    <subfield code="1">0</subfield>
    <subfield code="2">udc</subfield>
    <subfield code="4">0</subfield>
    <subfield code="6">33006055_&#x10DE;54</subfield>
    <subfield code="7">0</subfield>
    <subfield code="9">91995</subfield>
    <subfield code="a">CPL</subfield>
    <subfield code="b">CPL</subfield>
    <subfield code="c">GEN</subfield>
    <subfield code="d">2022-06-15</subfield>
    <subfield code="g">8.00</subfield>
    <subfield code="o">330(060.55) &#x10DE;-54</subfield>
    <subfield code="p">62661</subfield>
    <subfield code="r">2022-06-15</subfield>
    <subfield code="t">62661</subfield>
    <subfield code="w">2022-06-15</subfield>
    <subfield code="y">BK</subfield>
    <subfield code="z">8 &#x10DA;.</subfield>
  </datafield>
</record>
